00282nam a2200109Ia 4500008004100000041001200041082001100053100001400064245008200078260000600160650000600166221030s9999 xx 000 0 und d aEnglish a105.23 aP. Hersey 0aManagement of Organizaitonal Behavior - Leading Human Resourcescby P. Hersey c0 aB